000
00312nam a2200097Ia 4500
082
_a
658.323 LEE
245
0
_a
Hr metrics : practical measurement tools for people management
100
_a
Lee, Gregory John randburg, South Africa, 2011
_9
32567
942
_c
BK
008
210817s9999 xx 000 0 und d
999
_c
119707
_d
119705